02592nam a22003251i 4500003000700000005001700007008004100024020001800065020001800083020001800101041001200119082003400131100002200165100001200187245007200199260005200271300002300323504005100346505045800397506005100855520103000906650002301936776003601959856008201995856002402077907001502101942001502116999001702131952011802148UkCbUP20251022154439.0220215s2024 enk ob 001 0 eng d a9781009258463 z9781009258456 z9781009258432 aEnglish00a338.473223/eng/20231018bFRI1 aFriedson, Andrew,1 eauthor.10aEconomics of healthcare :ba brief introduction /cAndrew Friedson. aCambridge :bCambridge University Press,c2024. axviii, 252 pages : aIncludes bibliographical references and index.0 aHow economists view human behavior -- Where does health come from? -- Demand for medical care -- Health insurance and demand for medical care -- Evaluating evidence -- Provider firms -- The medical labor force -- Providers and incentives -- Hospitals -- Health insurance as a product -- Adverse selection -- Prices -- Managed care -- Public insurance -- Pharmaceuticals -- Externalities -- Medical malpractice -- Inequality -- International comparisons. aAccess restricted to subscribing institutions. aAn approachable beginner's guide to health economics that brings the economist's way of viewing the world to bear on the fundamentals of the US healthcare system. The conversational writing style, with occasional doses of humour, allows students to see how applicable economic reasoning can be to unpacking some of the sector's thorniest issues, while accessible real-world examples teach the institutional details of healthcare and health insurance, as well as the economics that underpin the behaviour of key players in these markets. Many chapters are enhanced by 'Supplements' that offer how-to guides to tools commonly used by health economists, and economists more generally. They help form the basic 'economist's toolbox' for readers with no prior training in economics, and offer deeper dives into interesting related material. A test bank and lectures slides are available online for instructors, alongside additional resources and readings for students, taken from popular media and health care and policy journals. 0aMedical economics.08iPrint version: z9781009258456.40uhttps://ezproxy.lib.gla.ac.uk/login?url=https://doi.org/10.1017/978100925846340zConnect to resource a.b41271440 2ddccBOOKS c46008d46008 00102ddc40708NFICaCUTNbCUTNc300d2025-10-22l0o338.473 FRIp54572r2025-10-22 15:46:24w2025-10-22yBOOKS